Fyzikálně chemické základy ocelářství /
Uloženo v:
| Hlavní autor: | |
|---|---|
| Médium: | Kniha |
| Jazyk: | čeština |
| Vydáno: |
Praha : Bratislava :
Státní nakladatelství technické literatury ; Nakladateľstvo Alfa,
1971
|
| Vydání: | 2., přeprac. a rozš. vyd. |
| Témata: | |
| On-line přístup: |
|
| Tagy: |
Přidat tag
Žádné tagy, Buďte první, kdo vytvoří štítek k tomuto záznamu!
|
MARC
| LEADER | 00000nam a22000000a 4500 | ||
|---|---|---|---|
| 003 | SK-BrCVT | ||
| 005 | 20230505130150.0 | ||
| 008 | 090725s1971 xr adl fr 001 0 cze d | ||
| 020 | |q (viaz.) | ||
| 035 | |a (SVKBBclas03)vtls000119228 | ||
| 040 | |a SVKBB |b slo |c SVKBB |e AACR2 |d CVT | ||
| 041 | 0 | |a cze | |
| 044 | |a xr |c CZ | ||
| 072 | |2 CVTI |a 669 | ||
| 080 | |a 669.14 |2 2011 | ||
| 080 | |a 544 |2 2011 | ||
| 080 | |a 669 |2 2011 | ||
| 100 | 1 | |a Myslivec, Theodor |4 aut |d 1927-1978, | |
| 245 | 1 | 0 | |a Fyzikálně chemické základy ocelářství / |c Theodor Myslivec |
| 250 | |a 2., přeprac. a rozš. vyd. | ||
| 260 | |a Praha : |b Státní nakladatelství technické literatury ; |a Bratislava : |b Nakladateľstvo Alfa, |c 1971 | ||
| 300 | |a 445 s., [príl.] : |b grafy, lit., obr., tab. ; |c 23 cm | ||
| 366 | |e 2 200 ks | ||
| 504 | |a Bibliografia na s. 423-433 ; tab. príloha ; register | ||
| 521 | 3 | |a Publikace je určena vyšším a středním technikům v ocelárnách, pracovníkům ve výzkumu a studujícím vysokých a středních odborných škol. | |
| 650 | 1 | 7 | |a oceľ |2 SNKPH |
| 650 | 1 | 7 | |a fyzikálna chémia |2 SNKPH |
| 650 | 1 | 7 | |a metalurgia |2 SNKPH |
| 653 | |a oceľ | ||
| 653 | |a fyzika | ||
| 700 | 1 | T | |a Pešl, Vladimír |4 lso |
| 910 | |b A263714 |b A263715 |b A263716 |b A263718 |b A263720 |b A263721 | ||
| 959 | |a 49 | ||
| 974 | |a Katarína Repatá |b Roman Duffek | ||
| 992 | |a AMG |a AUV | ||
| 999 | |c 300316 |d 300316 | ||